[Event "11th Aeroflot Open B"]
[Site "Moscow RUS"]
[Date "2012.02.08"]
[Round "2"]
[White "Shimanov,A"]
[Black "Severina,M"]
[Result "1-0"]
[WhiteElo "2549"]
[BlackElo "2185"]

1.Nf3 d5 2.g3 Nf6 3.Bg2 c6 4.O-O Bf5 5.d3 Nbd7 6.Nh4 Bg6 7.Nc3 e6 8.e4 Be7
9.f4 dxe4 10.dxe4 Bb4 11.Nxg6 hxg6 12.Qf3 Qa5 13.Bd2 Qh5 14.Qxh5 gxh5 15.e5 Ng4
16.Ne4 Bxd2 17.Nxd2 Ne3 18.Rfc1 Nxg2 19.Kxg2 Ke7 20.Nc4 Nb6 21.Na5 Rab8 22.Rd1 Rhd8
23.Kh3 Rd7 24.Rxd7+ Kxd7 25.Kh4 Kc7 26.Rd1 Nd5 27.Nc4 b5 28.Nd6 f6 29.Rd2 g6
30.c4 fxe5 31.fxe5 bxc4 32.Kg5 Rb4 33.Kxg6 h4 34.gxh4 c3 35.bxc3 Rxh4 36.Kf7 Nf4
37.Rd4 c5 38.Re4 Kd7 39.Ra4 Kc6 40.Re4 Kd7 41.c4 Rg4 42.h3 Rh4 43.Nb7 Kc6
44.Na5+ Kb6 45.Nb3 Kc6 46.Nc1 Rh7+ 47.Kg8 Nxh3 48.Re3 Rh4 49.Nb3 Ng5 50.Rd3 Kc7
51.Rg3 Ne4 52.Rg7+ Kc6 53.Kf7 Rh6 54.Rg8 Kc7 55.Ra8 Kc6 56.Re8 Kd7 57.Ra8 Kc6
58.Ke7 Kb7 59.Rf8 Rh2 60.Rf4 Nc3 61.Kxe6 Kc6 62.Kf7 Rh7+ 63.Kg6 Re7 64.Rf6+ Kc7
65.Rf7 Kd8 66.Rf8+ Re8 67.Kf7 Rxf8+ 68.Kxf8 Ne4 69.e6  1-0

[Event "FSFMA2 February"]
[Site "Budapest HUN"]
[Date "2012.02.09"]
[Round "6.4"]
[White "Ortel,E"]
[Black "Arias Castanedo,J"]
[Result "0-1"]
[WhiteElo "2286"]
[BlackElo "1940"]

1.Nf3 d5 2.g3 c6 3.Bg2 h6 4.b3 Bf5 5.Bb2 e6 6.O-O Nf6 7.d3 Be7 8.Nbd2 O-O
9.c4 Nbd7 10.Re1 Qc7 11.e4 dxe4 12.dxe4 Bg6 13.e5 Ne8 14.Qe2 Nc5 15.Red1 a5
16.Ne1 f5 17.f4 Rf7 18.Bd4 Nd7 19.Qf2 Qc8 20.Nc2 Nc7 21.a3 Na6 22.Rdb1 Ndc5
23.Qe3 Bf8 24.b4 axb4 25.axb4 Nd7 26.Nf3 Re7 27.Nfe1 Be8 28.Ra5 Nc7 29.Rba1 Rf7
30.Qa3 Ra6 31.Nd3 Qa8 32.Qb3 Qc8 33.Rxa6 Nxa6 34.Qa4 c5 35.b5 cxd4 36.bxa6 bxa6
37.Bc6 Re7 38.Nxd4 Nb8 39.Bxe8 Rxe8 40.Ne2 Rd8 41.Qb3 Qc6 42.Rd1 Kf7 43.Kf2 Nd7
44.g4 Nc5 45.Nxc5 Bxc5+ 46.Kg3 Rxd1 47.Qxd1 fxg4 48.Kxg4 Qg2+ 49.Ng3 h5+
50.Kxh5 Qh3+  0-1

[Event "11th Aeroflot Open B"]
[Site "Moscow RUS"]
[Date "2012.02.09"]
[Round "3"]
[White "Minasian,Art"]
[Black "Ghosh,D"]
[Result "1-0"]
[WhiteElo "2525"]
[BlackElo "2372"]

1.Nf3 d5 2.g3 Bg4 3.Bg2 Nd7 4.c4 e6 5.cxd5 exd5 6.Qb3 Nc5 7.Qc2 Nf6 8.d3 c6
9.O-O Be7 10.Nbd2 O-O 11.b4 Ne6 12.Rb1 Re8 13.Bb2 Bh5 14.a3 Nd7 15.e4 Nb6
16.Nb3 Rc8 17.Nfd4 Nd7 18.Nf5 Bf8 19.Qd2 Bg6 20.Nh4 Nb6 21.f4 Bh5 22.f5 Ng5
23.f6 Ne6 24.Nf5 g6 25.Nh6+ Bxh6 26.Qxh6 Qd6 27.Bh3 Qf8 28.Qxf8+ Kxf8 29.g4 Ng5
30.Kg2 dxe4 31.gxh5 Rcd8 32.Bd4 exd3 33.Bc5+ Kg8 34.Be7 Rd5 35.hxg6 hxg6
36.Nd2 Nxh3 37.Kxh3 Rh5+ 38.Kg3 Nd5 39.Rbe1 Rg5+ 40.Kf2 Rf5+ 41.Kg1 Rg5+
42.Kh1 Rg4 43.Ne4 Ra8 44.Rf3 a5 45.Rxd3 axb4 46.Bxb4 b6 47.Be7 Ra4 48.Nc3  1-0

[Event "76th ch-BUL SF 2012"]
[Site "Plovdiv BUL"]
[Date "2012.02.09"]
[Round "5"]
[White "Galunov,T"]
[Black "Nikolova,A"]
[Result "1-0"]
[WhiteElo "2320"]
[BlackElo "2296"]

1.Nf3 d5 2.g3 Nf6 3.Bg2 e6 4.O-O Be7 5.d4 O-O 6.c4 dxc4 7.Qc2 a6 8.a4 Bd7
9.Qxc4 Bc6 10.Bg5 Nbd7 11.Nc3 Nb6 12.Qd3 Nfd5 13.Bxe7 Qxe7 14.Ne5 Nb4 15.Nxc6 bxc6
16.Qd1 a5 17.e3 Rad8 18.Qh5 f5 19.Qe2 c5 20.Rfd1 c4 21.Nb5 e5 22.dxe5 Qxe5
23.Nc3 Nd3 24.Qc2 Rd7 25.Bf1 Nb4 26.Qe2 Rfd8 27.Rxd7 Rxd7 28.Rd1 N4d5 29.Nxd5 Rxd5
30.Rxd5 Qxd5 31.Qc2 h6 32.Bh3 g6 33.Bf1 h5 34.h4 Qc6 35.b3 c3 36.Bc4+ Nxc4
37.Qxc3 Kf7 38.Qxc4+ Qxc4 39.bxc4 Ke6 40.Kf1 Kf6 41.Ke2 Ke5 42.Kd3 c5 43.f3 Ke6
44.e4 Kf6 45.Ke2 Ke6 46.Kf2 Kf6 47.Ke3 Ke5 48.exf5 Kxf5 49.f4 Kf6 50.Kf3 Kf5
51.g4+ hxg4+ 52.Kg3 Ke4 53.Kxg4 Kd4 54.f5 gxf5+ 55.Kxf5 Kxc4 56.h5 Kb3 57.h6 Kxa4
58.h7 Kb3 59.h8=Q a4 60.Qa1 a3 61.Qb1+ Kc3 62.Ke4 c4 63.Ke3 a2 64.Qxa2  1-0

[Event "Bronshoj Lang Weekend 2012"]
[Site "Copenhagen DEN"]
[Date "2012.02.10"]
[Round "1"]
[White "Andreasen,P"]
[Black "Rydstrom,Tom"]
[Result "1/2-1/2"]
[WhiteElo "2251"]
[BlackElo "1951"]

1.Nf3 d5 2.g3 Nf6 3.Bg2 e6 4.d4 Be7 5.O-O O-O 6.c4 Nbd7 7.Nbd2 b6 8.cxd5 Nxd5
9.e4 N5f6 10.e5 Nd5 11.Ne4 h6 12.b3 Ba6 13.Re1 Rc8 14.a3 c5 15.Bb2 cxd4 16.Bxd4 Nc5
17.Bxc5 Bxc5 18.Nxc5 bxc5 19.Qc2 Qa5 20.Nd2 Qc3 21.Rac1 Qxc2 22.Rxc2 Bd3
23.Rcc1 Nb6 24.Rc3 Bg6 25.Rec1 Rfd8 26.Ne4 Bxe4 27.Bxe4 Rd4 28.Bg2 c4 29.Bf1 Re4
30.f4 g5 31.Bxc4 gxf4 32.gxf4 Rxf4 33.Ba6 Rd8 34.Rc7 Rd2 35.Rxa7 Rg4+ 36.Kh1 Rh4
37.Rg1+ Kf8 38.Rg2 Rd1+ 39.Rg1 Rd2 40.Rg2 Rd1+ 41.Rg1 Rd2 42.Rg2  1/2-1/2

[Event "11th Aeroflot Open B"]
[Site "Moscow RUS"]
[Date "2012.02.10"]
[Round "4"]
[White "Zenzera,A"]
[Black "Krapivin,A"]
[Result "0-1"]
[WhiteElo "2337"]
[BlackElo "2445"]

1.Nf3 d5 2.g3 Nf6 3.Bg2 e6 4.O-O Be7 5.d4 O-O 6.c4 c6 7.Nc3 b6 8.Ne5 Bb7
9.e4 dxc4 10.Nxc4 Ba6 11.b3 Nbd7 12.Re1 Rc8 13.e5 Nd5 14.Ne4 c5 15.Ba3 cxd4
16.Ned6 Rc7 17.Qxd4 b5 18.Bxd5 bxc4 19.Bxc4 Bxc4 20.Nxc4 Bxa3 21.Nxa3 Rc5
22.Nc4 Qc7 23.Rad1 Nb6 24.Nd6 Nd5 25.b4 Rc2 26.Rd2 Rc1 27.Rxc1 Qxc1+ 28.Kg2 a6
29.Rd3 Qc6 30.Rf3 f5 31.Qc5 Qa8 32.a4 g5 33.Kg1 Nf4 34.Rxf4 gxf4 35.Qc4 Qf3
36.Qxe6+ Kg7 37.Qe7+ Kg8 38.Qe6+ Kg7 39.Qd7+ Kg6 40.Ne8 Rf7 41.Qd6+ Kg5 42.e6 Rf8
43.Ng7 Qc3 44.Qxf4+ Kg6 45.Nh5 Qe1+ 46.Kg2 Kxh5 47.Qh4+ Kg6 48.Qe7 Qe4+ 49.f3 Qc2+
50.Kh3 Qc8 51.b5 axb5 52.axb5 Rf6 53.f4 Qxe6 54.Qd8 Kf7 55.Qc7+ Ke8 56.Qc8+ Ke7
57.Qc7+ Qd7 58.Qc5+ Ke8 59.Qc4 Qe6  0-1

[Event "11th Aeroflot Open B"]
[Site "Moscow RUS"]
[Date "2012.02.10"]
[Round "4"]
[White "Gabuzyan,H"]
[Black "Goriatchkin,J"]
[Result "1-0"]
[WhiteElo "2402"]
[BlackElo "2311"]

1.Nf3 d5 2.g3 Nf6 3.Bg2 e6 4.O-O Be7 5.c4 c6 6.d4 Nbd7 7.Nbd2 O-O 8.Qc2 b6
9.b3 Bb7 10.e4 Rc8 11.Bb2 c5 12.exd5 exd5 13.dxc5 dxc4 14.b4 bxc5 15.b5 a6
16.a4 axb5 17.axb5 Qb6 18.Nxc4 Qxb5 19.Bxf6 Bxf6 20.Rab1 Qa6 21.Rxb7 Qxb7
22.Ng5 Qxg2+ 23.Kxg2 Bxg5 24.Qf5 Bf6 25.Qxd7 Rfd8 26.Qf5 Rc6 27.Re1 g6 28.Qf3 Ra6
29.Qb7 Ra2 30.Re3 Bd4 31.Rf3 f6 32.Ne5  1-0

[Event "Frauenbundesliga 2011-12"]
[Site "Germany GER"]
[Date "2012.02.11"]
[Round "8.2"]
[White "Michna,Mart"]
[Black "Zatonskih,A"]
[Result "1/2-1/2"]
[WhiteElo "2396"]
[BlackElo "2508"]

1.Nf3 d5 2.g3 g6 3.Bg2 Bg7 4.O-O e5 5.d3 Nc6 6.Nbd2 Nge7 7.e4 O-O 8.c3 a5
9.a4 Re8 10.Re1 h6 11.exd5 Nxd5 12.Nc4 Ra6 13.Nfd2 Be6 14.Nf3 f6 15.Bf1 Bf7
16.d4 exd4 17.Rxe8+ Qxe8 18.Nxd4 Nxd4 19.Qxd4 f5 20.Qd3 Nb6 21.Na3 Nxa4 22.Be3 Nxb2
23.Qd2 Re6 24.Bxh6 Rd6 25.Qxb2 Bxh6 26.Qxb7 Rd2 27.Bc4 Bxc4 28.Nxc4 Rc2 29.Qd5+ Kh8
30.Ne5 c6 31.Qd6 Bg7 32.Re1 Kh7 33.Nf3 Re2 34.Rxe2 Qxe2 35.Qxc6 a4 36.Ng5+ Kh6
37.Qxa4 Bxc3 38.Qh4+ Qh5 39.Nf7+ Kg7 40.Qxh5 gxh5 41.Ng5 Kg6 42.Nh3 h4 43.Nf4+ Kg5
44.Nd5 Bd4 45.Nc7 Bb6 46.Ne6+ Kh5 47.Nf4+ Kg5 48.Nd5 Bd4 49.Nc7 Bb6 50.Ne6+ Kh5
51.Nf4+ Kg5 52.Nh3+ Kh5 53.Nf4+  1/2-1/2

[Event "11th Aeroflot Open B"]
[Site "Moscow RUS"]
[Date "2012.02.11"]
[Round "5"]
[White "Kopylov,Al2"]
[Black "Dobrov,V"]
[Result "1/2-1/2"]
[WhiteElo "2440"]
[BlackElo "2496"]

1.Nf3 d5 2.g3 Nf6 3.Bg2 c6 4.b3 Bg4 5.Bb2 Nbd7 6.O-O e6 7.d3 Bd6 8.Nbd2 Qe7
9.e4 Ba3 10.Qc1 Bxb2 11.Qxb2 dxe4 12.dxe4 Bxf3 13.Bxf3 Qc5 14.b4 Qe5 15.c3 Qc7
16.Nc4 O-O 17.Rad1 b5 18.Na5 Rac8 19.Qe2 h6 20.Bg2 a6 21.Rfe1 Nb6 22.c4 bxc4
23.Nxc4 Rfd8 24.a3 c5 25.bxc5 Rxd1 26.Rxd1 Na4 27.Nb6 Nc3 28.Qxa6 Rb8 29.Ra1 Qxc5
30.Qc4 Qa5 31.Rc1 Nb5 32.e5 Nxa3 33.Qc3 Qxb6 34.exf6 Nb5 35.Qe5 Nd4 36.fxg7 Qb1
37.Rf1 Qb2 38.Kh1 Nf5 39.Qxb2 Rxb2 40.Be4 Nd6 41.Bc6 Rc2 42.Ba4 Ra2 43.Bc6 Kxg7
44.Rd1 Nc4 45.Kg1 Ne5 46.Bb5 Rb2 47.Ba6 Ra2 48.Bb5 Ng4 49.Rf1 Rb2 50.Ba6 Rd2
51.Bb7 Rb2 52.Ba6 Kf6 53.Re1 Ne5 54.Kg2 Ra2 55.Bb5 Ra5 56.Be2 Rc5 57.Ba6 Nc6
58.Re4 Ne5 59.Re2 Rc6 60.Bb7 Rb6 61.Be4 Rb4 62.Bf3 Rb1 63.Be4 Ra1 64.Bc2 Rc1
65.Be4 Ra1 66.Bc2 Nc6 67.Re4 Ra2 68.Rf4+ Kg7 69.Rg4+ Kf8 70.Rc4 Ne5 71.Rc5 Nd7
72.Rc8+ Kg7 73.Rc7 Ne5  1/2-1/2

[Event "TCh-NED Meesterklasse 2011-12"]
[Site "Netherlands NED"]
[Date "2012.02.11"]
[Round "6.3"]
[White "Heemskerk,W"]
[Black "Nagel,J"]
[Result "1/2-1/2"]
[WhiteElo "2280"]
[BlackElo "1927"]

1.Nf3 d5 2.g3 c5 3.Bg2 Nc6 4.d4 Nf6 5.O-O cxd4 6.Nxd4 Nxd4 7.Qxd4 e6 8.c4 dxc4
9.Qxc4 Be7 10.Nc3 O-O 11.Bf4 a6 12.Bc7 Qd2 13.Qb3 Qd7 14.Bb6 Qd6 15.a3 e5
16.Rfd1 Be6 17.Nd5 Nxd5 18.Bxd5 Bxd5 19.Rxd5 Qe6 20.Bc7 b5 21.Bxe5 Rac8 22.Rad1 Rc4
23.Qd3 f6 24.Bd6 Re8 25.Bxe7 Rxe7 26.Rd8+ Kf7 27.e3 g6 28.Rd6 Qe5 29.Rxa6 Qxb2
30.Qd5+ Kg7 31.Ra8 Rc1 32.Rxc1 Qxc1+ 33.Kg2 Qc4 34.Rg8+ Kh6 35.Qxc4 bxc4
36.Rc8 Ra7 37.Rxc4 Rxa3 38.Rc7 g5 39.g4 Kg6 40.Rc6 h6 41.Kg3 Ra5 42.Rd6 Re5
43.Ra6 Re4 44.h3 Re7 45.h4 gxh4+ 46.Kxh4 Re4 47.Ra5 Re7 48.Kg3 Re8 49.Kf4 Re7
50.e4 Re8 51.Rd5 Re7 52.Ke3 Ra7 53.f4 Ra3+ 54.Rd3 Ra4 55.e5 fxe5 56.Rd6+ Kg7
57.fxe5 Ra1 58.Kf4 Rf1+ 59.Kg3 Re1 60.Rd7+ Kg6 61.Re7 h5 62.gxh5+ Kxh5 63.Kf4 Kg6
64.Rc7 Re2 65.Ra7 Re1 66.Rb7 Re2 67.Rb4 Kf7 68.Kf5 Rf2+ 69.Ke4 Re2+ 70.Kd5 Rd2+
71.Rd4 Rxd4+ 72.Kxd4 Ke6  1/2-1/2

[Event "61st ch-BUL w SF 2012"]
[Site "Plovdiv BUL"]
[Date "2012.02.11"]
[Round "8"]
[White "Radeva,Viktoria"]
[Black "Ivanova,Si"]
[Result "0-1"]
[WhiteElo "1760"]
[BlackElo "1972"]

1.Nf3 d5 2.g3 g6 3.Bg2 Bg7 4.d3 e5 5.O-O Nc6 6.Nbd2 Nge7 7.e4 O-O 8.Nh4 Be6
9.f4 f6 10.f5 Bf7 11.g4 Qd6 12.Nhf3 Qc5+ 13.Kh1 g5 14.Nb3 Qd6 15.Qe2 dxe4
16.dxe4 Qb4 17.Nbd2 Rad8 18.c3 Qc5 19.h4 h6 20.Rf2 Rd6 21.Bf1 a5 22.Nb3 Qa7
23.Be3 b6 24.Rh2 Rfd8 25.hxg5 hxg5 26.Nfd2 a4 27.Nc1 Qb7 28.Qg2 Kf8 29.Qh3 b5
30.Ne2 Rxd2 31.Bxd2 Rxd2 32.Ng3 Rxh2+ 33.Kxh2 Qb6 34.Qg2 Nc8 35.a3 Nd6 36.Rd1 Na5
37.Qd2 Nb3 38.Qg2 Nc5 39.Be2 Qc6 40.Re1 Nc4 41.Bxc4 Bxc4 42.Qd2 Qd6 43.Qg2 Kf7
44.Nf1 Qd3 45.Ne3 Bb3 46.Nf1 Bf8 47.Ng3 Bd1 48.Ne2 Qd2 49.Qf1 Bc2 50.Kh3 Nxe4
51.Qg1 Bc5 52.Qf1 Nf2+  0-1

[Event "TCh-FIN SM-Liiga 2011-12"]
[Site "Salo FIN"]
[Date "2012.02.11"]
[Round "8.6"]
[White "Pihlajasalo,H"]
[Black "Tuovinen,J"]
[Result "1-0"]
[WhiteElo "2271"]
[BlackElo "2076"]

1.Nf3 d5 2.g3 Nf6 3.Bg2 c6 4.O-O Bg4 5.c4 e6 6.h3 Bxf3 7.Bxf3 Nbd7 8.cxd5 cxd5
9.b3 Bd6 10.Bb2 O-O 11.d3 Qe7 12.Nc3 a6 13.e4 dxe4 14.dxe4 Rfd8 15.Qe2 Ne5
16.Bg2 Bb4 17.a3 Ba5 18.b4 Bc7 19.f4 Bb6+ 20.Kh2 Nd3 21.Na4 Bd4 22.Bxd4 Rxd4
23.e5 Ne8 24.Rad1 Rad8 25.Be4 Nc1 26.Qc2 Nb3 27.Bxh7+ Kh8 28.Bd3 Nc1 29.Qxc1 Rxd3
30.Nc5 R3d5 31.Rxd5 Rxd5 32.Rd1 Qd8 33.Rxd5 Qxd5 34.Qc2 Nc7 35.Qg2 Qxg2+
36.Kxg2 b6 37.Nd3 Nb5 38.a4 Nd4 39.Kf2 a5 40.bxa5 bxa5 41.Nb2 Kh7 42.Ke3 Nb3
43.h4 Kg6 44.g4 Kh6 45.Kd3 Nc5+ 46.Kd4 Nd7 47.Kc4 f6 48.Nd3 fxe5 49.fxe5 Nb6+
50.Kb5 Nd5 51.Kxa5  1-0

[Event "TCh-SVK Extraliga 2011-12"]
[Site "Slovakia SVK"]
[Date "2012.02.11"]
[Round "7.7"]
[White "Petran,Pe"]
[Black "Zagrapan,P"]
[Result "1-0"]
[WhiteElo "2297"]
[BlackElo "2139"]

1.Nf3 d5 2.g3 Nc6 3.d4 Bg4 4.Nbd2 Nf6 5.Bg2 e6 6.O-O Be7 7.c4 O-O 8.e3 Ne4
9.cxd5 exd5 10.Qb3 Be6 11.Qxb7 Nb4 12.Qb5 Rb8 13.Qe2 Bc8 14.Nxe4 Ba6 15.Qd1 Bxf1
16.Bxf1 dxe4 17.Ne5 Bf6 18.a3 Bxe5 19.axb4 Bd6 20.b5 Qc8 21.Rxa7 c6 22.Ra6 Bb4
23.Rxc6 Qd7 24.Qc2 Rfc8 25.Qxe4 Be1 26.Bd3 g6 27.Kf1 Ba5 28.Bc4 Qa7 29.b3 Bb6
30.Bb2 Re8 31.Qc2 Ba5 32.Rxg6+  1-0

[Event "4NCL 2011-12"]
[Site "Sunningdale ENG"]
[Date "2012.02.11"]
[Round "5.15"]
[White "Pert,N"]
[Black "Taylor,Mart"]
[Result "1-0"]
[WhiteElo "2563"]
[BlackElo "2337"]

1.Nf3 d5 2.g3 Nf6 3.Bg2 Nbd7 4.d4 e6 5.O-O c5 6.c4 dxc4 7.Na3 Be7 8.dxc5 Bxc5
9.Nxc4 O-O 10.Be3 Nd5 11.Bxc5 Nxc5 12.Nfe5 Qe7 13.e4 Nb6 14.Qd6 Qxd6 15.Nxd6 f6
16.Rac1 Na6 17.Nec4 Nxc4 18.Rxc4 e5 19.Rfc1 Be6 20.Ra4 Rab8 21.Bf1 Rfd8 22.Nxb7 Rxb7
23.Rxa6 Kf7 24.b3 Rd2 25.Rc5 Bg4 26.Kg2 Kg6 27.Rxe5 Rxa2 28.Rxa2 fxe5 29.Bc4 Kf6
30.Ra6+ Ke7 31.Ra5 Kf6 32.f3 Bd7 33.f4 exf4 34.gxf4 Rc7 35.Kf3 h6 36.h4 Be8
37.Ke3 Ke7 38.Rf5 Rb7 39.Rc5 Kd8 40.e5 Rb6 41.f5 Bd7 42.Kf4 Bc8 43.e6  1-0

[Event "TCh-BEL 2011-12"]
[Site "Belgium BEL"]
[Date "2012.02.12"]
[Round "8.4"]
[White "Van Mechelen,J"]
[Black "Tan,Mat"]
[Result "1/2-1/2"]
[WhiteElo "2239"]
[BlackElo "2416"]

1.Nf3 d5 2.g3 Nf6 3.Bg2 c6 4.O-O Bg4 5.d4 Nbd7 6.Nbd2 e6 7.Re1 Be7 8.e4 dxe4
9.Nxe4 Nxe4 10.Rxe4 Bf5 11.Re1 O-O 12.c3 Rc8 13.Qb3 Qb6 14.Bg5 Bd6 15.Nd2 Bd3
16.Ne4 Bxe4 17.Rxe4 h6 18.Bf4 Bxf4 19.Rxf4  1/2-1/2

[Event "FSIM February"]
[Site "Budapest HUN"]
[Date "2012.02.12"]
[Round "9.4"]
[White "Szeberenyi,A"]
[Black "Galyas,M"]
[Result "1/2-1/2"]
[WhiteElo "2316"]
[BlackElo "2467"]

1.Nf3 d5 2.g3 Nf6 3.Bg2 Bf5 4.O-O e6 5.d3 h6 6.Nbd2 Be7 7.b3 O-O 8.Bb2 c6
9.Re1 Bh7 10.e4 a5 11.a4 Na6  1/2-1/2

[Event "Bronshoj Lang Weekend 2012"]
[Site "Copenhagen DEN"]
[Date "2012.02.12"]
[Round "5"]
[White "Andreasen,P"]
[Black "Haubro,S"]
[Result "1-0"]
[WhiteElo "2251"]
[BlackElo "2114"]

1.Nf3 d5 2.g3 c5 3.Bg2 Nc6 4.d4 e6 5.O-O Nf6 6.c4 dxc4 7.Qa4 Bd7 8.Qxc4 cxd4
9.Nxd4 Rc8 10.Nc3 Be7 11.Rd1 Qa5 12.Qb5 Qxb5 13.Ndxb5 a6 14.Nd6+ Bxd6 15.Rxd6 Ke7
16.Rd2 b5 17.b3 Rhd8 18.Bb2 Be8 19.Rad1 Rxd2 20.Rxd2 Bd7 21.Ne4 Nxe4 22.Bxe4 g6
23.Ba3+ Ke8 24.f4 a5 25.Kf2 b4 26.Bb2 Ke7 27.Rc2 Nb8 28.Rxc8 Bxc8 29.Be5 Na6
30.Ke3 f6 31.Bd4 f5 32.Bf3 Kd6 33.Bb6 a4 34.bxa4 Nc5 35.a5 Ba6 36.Kd4 Na4
37.e3 Bb5 38.Bb7 Be2 39.Ba7 Kc7 40.a6 Nc3 41.Kc5 Ne4+ 42.Bxe4 fxe4 43.Bb6+ Kb8
44.a7+ Kb7 45.Kxb4 Bf3 46.Bd4 h5 47.h4 Be2 48.Bc5 Ka8 49.Kc3 Bb5 50.Kd4 Bc6
51.Ke5 Kb7 52.Bd4 Ka8 53.Kf6  1-0

[Event "3rd Novy Bor Open"]
[Site "Novy Bor CZE"]
[Date "2012.02.12"]
[Round "2"]
[White "Ivanov,MM"]
[Black "Lukasiewicz,An"]
[Result "1-0"]
[WhiteElo "2389"]
[BlackElo "2064"]

1.Nf3 d5 2.g3 Nf6 3.Bg2 c6 4.O-O Bf5 5.d3 h6 6.c4 e6 7.cxd5 exd5 8.Nc3 Be7
9.Nd4 Bh7 10.e4 O-O 11.e5 Nfd7 12.f4 Na6 13.Nde2 Nb4 14.d4 Nc2 15.Rb1 c5
16.Nxd5 Nxd4 17.Nec3 Bxb1 18.Nxb1 Re8 19.Nbc3 Bf8 20.Kh1 Rc8 21.Be3 Nb6 22.Bxd4 Nxd5
23.Nxd5 cxd4 24.Qxd4 Qa5 25.f5 Bc5 26.Qg4 Kh7 27.e6 f6 28.Nxf6+ gxf6 29.Qg6+ Kh8
30.Qxf6+ Kh7 31.Qg6+ Kh8 32.Qxh6+ Kg8 33.f6  1-0

[Event "TCh-SVK Extraliga 2011-12"]
[Site "Slovakia SVK"]
[Date "2012.02.12"]
[Round "8.1"]
[White "Mrva,Mart"]
[Black "Neuman,P"]
[Result "1/2-1/2"]
[WhiteElo "2470"]
[BlackElo "2463"]

1.Nf3 d5 2.g3 g6 3.Bg2 Bg7 4.O-O Nf6 5.d3 O-O 6.Bg5 h6 7.Bf4 Nbd7 8.Nc3 d4
9.Nb5 Ne8 10.Bd2 e5 11.c3 c6 12.Na3 dxc3 13.Bxc3 Nd6 14.Bb4 c5 15.Bc3 Rb8
16.b4 e4 17.Bxg7 Kxg7 18.dxe4 Nxe4 19.Qc2 Qe7 20.Nb5 a6 21.Nc3 Nxc3 22.Qxc3+ Qf6
23.Qa3 b6 24.Rad1 cxb4 25.Qxb4 Nc5 26.Rd4 a5 27.Qa3 Bf5 28.Rf4 g5 29.Rc4 Rbd8
30.Qc1  1/2-1/2

[Event "ch-Central Serbia 2012"]
[Site "Pozarevac SRB"]
[Date "2012.02.13"]
[Round "1.4"]
[White "Cabrilo,G"]
[Black "Pantovic,D"]
[Result "1-0"]
[WhiteElo "2471"]
[BlackElo "2150"]

1.Nf3 d5 2.g3 Bg4 3.Bg2 Nd7 4.d4 c6 5.O-O Ngf6 6.Nbd2 e6 7.Re1 Be7 8.e4 dxe4
9.Nxe4 Nxe4 10.Rxe4 Nf6 11.Re1 O-O 12.c3 h6 13.Qb3 Qb6 14.Ne5 Bf5 15.Nc4 Qxb3
16.axb3 Rfd8 17.b4 Nd5 18.Na5 Rab8 19.Nb3 Bc2 20.Nc5 b6 21.Ne4 Rd7 22.Nd2 c5
23.dxc5 bxc5 24.b5 Rbd8 25.Nc4 Nc7 26.Ne3 Bd3 27.Bc6 Rd6 28.Rxa7 Rc8 29.c4 Bg5
30.b3  1-0

[Event "11th Aeroflot Open B"]
[Site "Moscow RUS"]
[Date "2012.02.14"]
[Round "8"]
[White "Arun Prasad,S"]
[Black "Munguntuul,B"]
[Result "1/2-1/2"]
[WhiteElo "2530"]
[BlackElo "2452"]

1.Nf3 d5 2.g3 Nf6 3.Bg2 c6 4.c4 Bf5 5.cxd5 cxd5 6.Qb3 Qc8 7.Nc3 e6 8.d3 Nc6
9.Bf4 Be7 10.Rc1 O-O 11.O-O Qd7 12.Ne5 Nxe5 13.Bxe5 Ng4 14.Bd4 Rfd8 15.h3 Nf6
16.Be5 Bd6 17.Bxf6 gxf6 18.e4 dxe4 19.dxe4 Bg6 20.Nb5 Qe7 21.Nxd6 Rxd6 22.f4 Qd7
23.Rcd1 Rd8 24.Rxd6 Qxd6 25.Qe3 f5 26.e5 Qd2 27.Qxd2 Rxd2 28.Rf2 Rd1+ 29.Kh2 Rd7
30.g4 fxg4 31.hxg4 Bb1 32.b3 b6 33.Kg3 Rd3+ 34.Kh4 Rd4 35.Kh5 Kg7 36.Kg5  1/2-1/2

[Event "11th Aeroflot Open B"]
[Site "Moscow RUS"]
[Date "2012.02.14"]
[Round "8"]
[White "Gabuzyan,H"]
[Black "Obolenskikh,D"]
[Result "1/2-1/2"]
[WhiteElo "2402"]
[BlackElo "2510"]

1.Nf3 d5 2.g3 Nf6 3.Bg2 c6 4.O-O Bg4 5.d4 e6 6.Nbd2 Nbd7 7.Re1 Be7 8.e4 O-O
9.c3 a5 10.a4 dxe4 11.Nxe4 Nxe4 12.Rxe4 Nf6 13.Re1 Nd5 14.Qc2 Bxf3 15.Bxf3 Qc7
16.Bd2 Rad8 17.Re4 Rd7 18.Rae1 Rfd8 19.Bc1 Bf6 20.Kg2 b5 21.h4 b4 22.Bg5 bxc3
23.bxc3 c5 24.dxc5 Qxc5 25.Bxf6 Nxf6 26.Re5 Qc7 27.Qb3 h6 28.c4 Rd3 29.Qb5 Rb8
30.Qxa5 Qxc4 31.Qa7 Rb2 32.Qa8+ Kh7 33.Be2 Rxe2 34.R1xe2 Ra3 35.a5 Ra1 36.Re1 Ra2
37.Qf3 Qa6 38.g4 Rxa5 39.g5 Rxe5 40.Rxe5 hxg5 41.hxg5 Nd7 42.Re3 Kg8 43.Ra3 Qb5
44.Qg3 Qd5+ 45.Kh2 Ne5 46.Re3 Ng6 47.Rc3 Qd4 48.Rc8+ Nf8 49.Rb8 Qd2 50.Rb7 Qd4
51.Rb8 Qd2 52.Ra8 Qd4 53.Rc8 Qd2 54.Rc7 Qd4 55.Rb7 Qd5 56.Rb3 Ng6 57.Rd3 Qc5
58.Rd8+ Nf8 59.Qf4 Qc2 60.Qd4 Qc7+ 61.Kh3 Qc6 62.Kg3 Qc7+ 63.Kg2 Qc6+ 64.f3 Qb5
65.Qd2 Qc5 66.Rb8 Kh7 67.Qf4 Kg8 68.Rb7 Qf5 69.Qc1 f6 70.gxf6 Qxf6 71.Qc5 Qf4
72.Qh5 Qd2+ 73.Kh3 Qf4 74.Qg4 Qf6 75.Kg2 Ng6 76.Rb8+ Nf8 77.Qh5 Qf4 78.Rd8 Qf6
79.Rc8 Qb2+ 80.Kg3 Qa1 81.Qc5 Qf6 82.Kg2 Qb2+ 83.Kg3 Qf6 84.Qe3 Qg6+ 85.Kf2 Qf6
86.Qe4 Qh6 87.Qe5 Qh4+ 88.Kg2 Qh6 89.Rc7 Qg6+ 90.Kf2 Qh6 91.Ke2 Qg6 92.Kf2 Qh6
93.Qd6 Qh4+ 94.Ke2 Qg5 95.Kf1 Qb5+ 96.Kf2 Qb2+ 97.Kg3 Qa1 98.Qc5 Qe1+ 99.Kg2 Qd2+
100.Kh3 Qh6+ 101.Kg3 Qg6+ 102.Kf2 Qh6 103.Qe5 Qh4+ 104.Kg2 Qh6 105.Rc8 Qg6+
106.Kf2 Qh6 107.Rc2 Qh4+ 108.Qg3 Qd4+ 109.Kg2 Qd3 110.Ra2 Qd5 111.Re2 Qd3
112.Qe5 Qg6+ 113.Kf2 Qh6 114.Re4 Qd2+ 115.Kg3 Qc1 116.Re1 Qh6 117.Qf4 Qg6+
118.Kf2 Qc2+ 119.Re2 Qc5+ 120.Kg2 Qb5  1/2-1/2

[Event "11th Aeroflot Open A"]
[Site "Moscow RUS"]
[Date "2012.02.14"]
[Round "8"]
[White "Harika,D"]
[Black "Shen Yang"]
[Result "1/2-1/2"]
[WhiteElo "2516"]
[BlackElo "2447"]

1.Nf3 d5 2.g3 Nf6 3.c4 c6 4.Bg2 dxc4 5.O-O Nbd7 6.Na3 Nb6 7.Qc2 Be6 8.Ng5 Qd7
9.b3 cxb3 10.axb3 g6 11.Nc4  1/2-1/2

[Event "3rd Novy Bor Open"]
[Site "Novy Bor CZE"]
[Date "2012.02.14"]
[Round "4"]
[White "Suchomel,A"]
[Black "Vykouk,Jan"]
[Result "1/2-1/2"]
[WhiteElo "2010"]
[BlackElo "1833"]

1.Nf3 d5 2.g3 c6 3.Bg2 Nf6 4.d4 e6 5.O-O Be7 6.Nbd2 Nbd7 7.c4 O-O 8.Qc2 b6
9.e4 dxe4 10.Nxe4 Bb7 11.Rd1 Nxe4 12.Qxe4 Qc8 13.Ne5 Nxe5 14.dxe5 Rd8 15.Be3 Qc7
16.f4 Rxd1+ 17.Rxd1 Rd8 18.Rxd8+ Qxd8 19.Qc2 Qd7 20.Be4 g6 21.Qa4 Bc5 22.Bxc5 bxc5
23.Qc2 Qd4+ 24.Kg2 Ba6 25.b3 Bb7 26.h4 Kg7 27.Qd3 Qb2+ 28.Qc2 Qd4 29.Bf3 h5
30.Qf2 Qxf2+ 31.Kxf2 Kf8 32.Ke3 Ke7 33.Kd2 Kd7 34.Kc3 Ke7 35.Be4 Kd7 36.Kb2 Ke7
37.Ka3 Kd7 38.Ka4 Ke7 39.Bf3 Kd7 40.Ka5 Ke7 41.a3 Kd7 42.b4 cxb4 43.axb4 Bc8
44.g4 hxg4 45.Bxg4 Ke7 46.Bf3 Kd7 47.Ka4 Bb7 48.Kb3 Bc8 49.Kc3 Bb7 50.Kd3 Kd8
51.Ke3 Kd7 52.Kd3 Kd8 53.Kc3 Kd7 54.b5 Kc7 55.h5 gxh5 56.Bxh5 cxb5 57.Bxf7 Bc8
58.cxb5 Bd7 59.Kb4 Kb6 60.Bg8 Bc8 61.Bh7 Bd7 62.Bd3 Bc8 63.Bc4 Bd7 64.Bf1 Bc8
65.Kc4 Bd7 66.f5 Bxb5+ 67.Kd4 Bd7 68.f6 Be8 69.Bd3 a5 70.Bc4 Bf7 71.Bb3 Kb5
72.Bc2 Kb4 73.Bd3 a4 74.Bc4 Bg8 75.Ba2 Bf7 76.Ke4 Kc3 77.Ke3 a3 78.Kf4 Kb2
79.Bc4 Kc3 80.Ba2 Kb2  1/2-1/2

[Event "3rd Novy Bor Open"]
[Site "Novy Bor CZE"]
[Date "2012.02.14"]
[Round "4"]
[White "Ivanov,MM"]
[Black "Kaderabek,J"]
[Result "1/2-1/2"]
[WhiteElo "2389"]
[BlackElo "2214"]

1.Nf3 d5 2.g3 Nf6 3.Bg2 c6 4.O-O Bf5 5.d3 Nbd7 6.Nh4 Bg4 7.h3 Bh5 8.g4 Bg6
9.f4 e6 10.e3 Ng8 11.Qe1 Be7 12.Nf3 f5 13.Nd4 Nf8 14.Nd2 Nf6 15.Qg3 N6d7
16.N2f3 Bf6 17.Bd2 c5 18.Ne2 Qc7 19.g5 Be7 20.c4 h6 21.cxd5 exd5 22.Nc3 Bf7
23.Nh4 g6 24.Nxd5 Bxd5 25.Bxd5 hxg5 26.Nf3 g4 27.hxg4 Nf6 28.Bc3 Rh7 29.Bxf6 Bxf6
30.g5 O-O-O 31.Bc4 Bg7 32.Rab1 Nd7 33.b4 Kb8 34.Rfc1 Rdh8 35.Kf2 Rh3 36.Qg2 cxb4
37.Rxb4 Nc5 38.Rbb1 Qd6 39.Rd1 Qc6 40.Rh1 Rxh1 41.Rxh1 Rd8 42.Rh7 Bc3 43.Ne5 Qa4
44.Kg3 Qd1 45.Kh3 Ne4 46.dxe4 Rd2 47.Qf1 Qc2 48.Rh8+ Kc7 49.Rh7+ Kb8 50.Nf3 Rf2
51.Qh1  1/2-1/2

[Event "ch-Central Serbia 2012"]
[Site "Pozarevac SRB"]
[Date "2012.02.15"]
[Round "3.15"]
[White "Dmitrovic,T"]
[Black "Zivkovic,Mo"]
[Result "1/2-1/2"]
[WhiteElo "2273"]
[BlackElo "2137"]

1.Nf3 d5 2.g3 g6 3.Bg2 Bg7 4.O-O Nd7 5.d3 Ngf6 6.Nbd2 O-O 7.e4 dxe4 8.dxe4 e5
9.b3 b5 10.Qe2 Rb8 11.Bb2 Qe7 12.a4 a6 13.axb5 axb5 14.h3 Ne8 15.Rfe1 Qc5
16.Qe3 Qxe3 17.Rxe3 Nd6 18.Rc3 c5 19.Rd3 Rb6 20.Ra7 c4 21.Rd5 cxb3 22.cxb3 Nf6
23.Rd3 Nfxe4 24.Nxe4 Nxe4 25.Bxe5 b4 26.Bxg7 Kxg7 27.Re3 Nc3 28.Ne5 Rd6 29.Rd3 Rxd3
30.Nxd3 Be6 31.Nc5 Bc8 32.Bf1 Kf6 33.Kg2 Ke5 34.Bc4 Kd4 35.Nd3 Be6 36.Bxe6 Kxd3
37.Bxf7 Ne4 38.Rc7 Nd6 39.Bd5 Kd4 40.Bf3 Rf7 41.Rc1 Rf6 42.Rc6  1/2-1/2